[Event "Tarragona Province-chB"]
[Site "Tarragona"]
[Date "2008.05.24"]
[Round "6"]
[White "Bru Borras, Pau"]
[Black "Estebanez Ortega, Juan Carlos"]
[Result "1-0"]
[WhiteElo "1903"]
[BlackElo "1879"]
[PlyCount "35"]
[EventDate "2008.04.19"]
[EventType "swiss"]
[EventRounds "8"]
[EventCountry "ESP"]
[SourceTitle "EXT 2019"]
[Source "ChessBase"]
[SourceDate "2018.10.10"]
[SourceVersion "1"]
[SourceVersionDate "2018.10.10"]
[SourceQuality "1"]

1. d4 Nf6 2. Nf3 e6 3. e3 d5 4. Bd3 Nbd7 5. 0-0 Bd6 6. Nbd2 e5 7. e4 0-0 8. exd5 exd4 9. Ne4 Nxe4 10. Bxe4 Nc5 11. Bxh7+ Kxh7 12. Ng5+ Kg6 13. b4 Na4 14. g4 f5 15. Re1 f4 16. h4 Be7 17. Qd3+ Kh6 18. Qh7# 1-0

[Event "Tarragona Province-chB"]
[Site "Tarragona"]
[Date "2008.05.10"]
[Round "4"]
[White "Llop Gomez, Sergi"]
[Black "Estebanez Ortega, Juan Carlos"]
[Result "1/2-1/2"]
[WhiteElo "1778"]
[BlackElo "1879"]
[PlyCount "101"]
[EventDate "2008.04.19"]
[EventType "swiss"]
[EventRounds "8"]
[EventCountry "ESP"]
[SourceTitle "EXT 2019"]
[Source "ChessBase"]
[SourceDate "2018.10.10"]
[SourceVersion "1"]
[SourceVersionDate "2018.10.10"]
[SourceQuality "1"]

1. d4 Nf6 2. Nf3 e6 3. e3 d5 4. Bd3 Bd6 5. Nbd2 Nbd7 6. e4 dxe4 7. Nxe4 Nxe4 8. Bxe4 Nf6 9. Bd3 b6 10. 0-0 Bb7 11. c3 0-0 12. Bg5 h6 13. Bh4 c5 14. dxc5 Bxc5 15. Be2 Qe7 16. Qc2 g5 17. Bg3 Be4 18. Qc1 Nh5 19. Be5 f6 20. Bd4 Nf4 21. Re1 Nxe2+ 22. Rxe2 Bxf3 23. gxf3 Bxd4 24. cxd4 Rac8 25. Qd2 Rfd8 26. d5 Qd6 27. Qd3 f5 28. Rd1 Qxd5 29. Qxd5 Rxd5 30. Rde1 Rd6 31. Rxe6 Rcd8 32. Re8+ Rxe8 33. Rxe8+ Kf7 34. Re2 Rd3 35. Kg2 Rd6 36. b3 a6 37. Rc2 Ke7 38. Kg3 Kd7 39. h4 Rd5 40. hxg5 hxg5 41. f4 Rd3+ 42. f3 g4 43. Rf2 Rxf3+ 44. Rxf3 gxf3 45. Kxf3 Kd6 46. Ke3 Kc5 47. a3 Kd5 48. Kd3 b5 49. b4 Ke6 50. Kd4 Kd6 51. Kc3 1/2-1/2

[Event "Tarragona Province-chB"]
[Site "Tarragona"]
[Date "2008.05.03"]
[Round "3"]
[White "Estebanez Ortega, Juan Carlos"]
[Black "Rodriguez Garrote, Abel"]
[Result "1-0"]
[WhiteElo "1879"]
[BlackElo "1764"]
[PlyCount "83"]
[EventDate "2008.04.19"]
[EventType "swiss"]
[EventRounds "8"]
[EventCountry "ESP"]
[SourceTitle "EXT 2019"]
[Source "ChessBase"]
[SourceDate "2018.10.10"]
[SourceVersion "1"]
[SourceVersionDate "2018.10.10"]
[SourceQuality "1"]

1. e4 d5 2. exd5 Qxd5 3. Nc3 Qa5 4. Nf3 Bg4 5. b4 Qb6 6. a4 e6 7. a5 Qxb4 8. Ba3 Qxa5 9. Bxf8 Bxf3 10. Rxa5 Bxd1 11. Bxg7 Bxc2 12. Bxh8 f6 13. Rh5 Kf7 14. d3 Kg6 15. Rh3 h6 16. Rg3+ Kh7 17. Bg7 Nd7 18. Be2 Ne7 19. Bh5 Rg8 20. Kd2 Bb3 21. Rb1 Bd5 22. Nxd5 Nxd5 23. Bg6+ Kxg7 24. Be8+ Kf8 25. Rxg8+ Kxg8 26. Bxd7 Nb6 27. Bxe6+ Kf8 28. Ra1 a6 29. Rc1 Ke7 30. Bf5 Kd6 31. Be4 c6 32. Rb1 Kc7 33. Rb4 Nd7 34. Bf5 a5 35. Rh4 Nc5 36. Rxh6 Nb3+ 37. Kc3 a4 38. Rh7+ Kb6 39. Bc8 Nc5 40. d4 Ne4+ 41. Kb4 Nd6 42. Rxb7+ 1-0